| 000 | 00388nam a2200157Ia 4500 | ||
|---|---|---|---|
| 008 | 230917s9999||||xx |||||||||||||| ||und|| | ||
| 020 | _cRS150 | ||
| 040 |
_e31696 _aMAIN |
||
| 041 | _aEnglish | ||
| 082 | _a005.1 H15O | ||
| 100 | _aHalladay, Steve | ||
| 245 | 0 | _aObject oriented software engineering | |
| 260 |
_aNew Delhi _bPublications _c1995 |
||
| 300 | _axi, 358 p. | ||
| 942 | _cBK | ||
| 999 |
_c103880 _d103880 |
||